| 000 | 00534nam a22001817a 4500 | ||
|---|---|---|---|
| 005 | 20251108164103.0 | ||
| 008 | 250721s1995 xx 000 0 ara d | ||
| 082 | 1 | 4 | _a216,9262/منص |
| 100 | 1 | _aمنصور، أحمد صبحي | |
| 245 | 1 | 0 |
_aالحسبة : _bدراسة أصولية تاريخية / |
| 264 | 1 |
_aالقاهرة : _bمركز المحروسة، _c1995. |
|
| 300 | _a78ص | ||
| 650 | 1 | 7 | _aالأحكام السلطانية |
| 650 | 1 | 7 | _aالحسبة |
| 650 | 1 | 7 | _aالإسلام |
| 942 |
_2ddc _cBK |
||
| 999 |
_c3276 _d3276 |
||